000 00618cam a22002292a 4500
001 020378
003 AR-FADEU
008 311216n2007####xxu####################dd
020 _a0-631-23304-0
092 _a425.2
_bB741
_eMAESTRIA
100 _aBoskovic, Zeljko, ed.
245 _aMinimalist syntax : the essential readings
260 _aOxford
260 _bBlackwell
260 _c2007
300 _a449 p
440 _aLinguistics
_n6
700 _aHoward, Lasnik, ed.
650 _aGRAMATICA COMPARATIVA Y GENERAL; SINTAXIS; PROGRAMA MINIMALISTA/MAESTRIA/
546 _aInglés
942 _cMAESTRIA
999 _c26102
_d26102